| 000 | 00838nam a2200181 i 4500 | ||
|---|---|---|---|
| 001 | 181255 | ||
| 003 | ES-MaACL | ||
| 005 | 20230910212758.0 | ||
| 008 | 121121s1882 sp |||| | spa d | ||
| 100 | 1 |
_aGladstone, Willian Ewart. _9127343 |
|
| 245 | 1 | 0 |
_aCuestiones constitucionales (1873-1878) / _cW.[illiam] E.[wart] Gladstone ; traducción directa del inglés de A.R.Ch ; precedida de unos apuntes biográficos con el retrato del autor y un prólogo de D. Francisco Cañamaque. |
| 260 |
_aMadrid : _bLib. de Simon y Osler, _c1882 ( _f[Imp. "La Guirnalda"]) |
||
| 300 |
_aXXIV, 283 p., [1] h de lám. ; _c20 cm. |
||
| 651 | 4 |
_aGran Bretaña- _xHistoria- _yS.XIX. _9149699 |
|
| 700 | 1 |
_aCañamaque y Jiménez, Francisco, _d1851-1891 _934730 |
|
| 852 |
_aES-MaACL _jD-1178 _z.- Legado M. de la Fuente |
||
| 999 |
_c181255 _d181255 |
||